000 00649nam a22001697a 4500
003 OSt
005 20171010095458.0
008 120720t xxu||||| |||| 00| 0 eng d
040 _aMMSU
_cULS
100 _aHernando, Alice Geraldine S.
_911322
245 _aHypocholesterolemic potential of calamansi (Citrus mitis L.) juice and rind extract on cholesterol-fed white mice (Mus musculus L.)
_cAlioce Geraldine S. Hernando
260 _c2008
300 _axix, 46 leaves
_c28 cm.
500 _aThesis (BS Biology) -- Mariano Marcos State University-College of Arts & Sciences, Batac City
504 _aBibliography: leaves 26
942 _2ddc
_cTHEDIS
999 _c9644
_d9644